Tribhuvan University Central Library

Holy Pathivara / (Record no. 121954)

MARC details
000 -LEADER
fixed length control field 00446nam a22001697a 4500
008 - FIXED-LENGTH DATA ELEMENTS--GENERAL INFORMATION
fixed length control field 250421b |||||||| |||| 00| 0 eng d
020 ## - INTERNATIONAL STANDARD BOOK NUMBER
International Standard Book Number 9937818710
082 ## - DEWEY DECIMAL CLASSIFICATION NUMBER
Edition number 23rd.
Classification number 294.535
Item number T329h
100 1# - MAIN ENTRY--PERSONAL NAME
Personal name Thapa, Rajeshwar
245 ## - TITLE STATEMENT
Title Holy Pathivara /
Statement of responsibility, etc. Rajeshwar Thapa.
260 ## - PUBLICATION, DISTRIBUTION, ETC.
Place of publication, distribution, etc. [s.l.] :
Name of publisher, distributor, etc. [s.n.],
Date of publication, distribution, etc. [n.d.].
300 ## - PHYSICAL DESCRIPTION
Extent 40p. : ill.
650 ## - SUBJECT ADDED ENTRY--TOPICAL TERM
Topical term or geographic name entry element Temples
9 (RLIN) 1442
650 ## - SUBJECT ADDED ENTRY--TOPICAL TERM
Topical term or geographic name entry element Hindu
650 ## - SUBJECT ADDED ENTRY--TOPICAL TERM
Topical term or geographic name entry element पाथिभरा
942 ## - ADDED ENTRY ELEMENTS (KOHA)
Source of classification or shelving scheme Dewey Decimal Classification
Koha item type ISBN
Holdings
Withdrawn status Lost status Source of classification or shelving scheme Damaged status Not for loan Home library Current library Date acquired Total Checkouts Full call number Barcode Date last seen Price effective from Koha item type
    Dewey Decimal Classification     Tribhuvan University Central Library Tribhuvan University Central Library 04/21/2025   294.535 T329h IS34140 04/21/2025 04/21/2025 ISBN